000 01056nam a2200253Ia 4500
003 OSt
005 20220930094938.0
006 a|||||r|||| 00| 0
007 ta
008 220926b |||||||| |||| 00| 0 hin d
024 _a56019
037 _cTheses
040 _aCRL
_cCRL
_bhin
041 _2hin
_ahin
100 _aमीना, पुष्पा, ले.
110 _aदिल्ली विश्वविद्यालय. कला संकाय. हिंदी विभाग
_9556871
245 0 _aमुद्राराक्षस के नाटकों में समाज और राजनीति के प्रश्न।
246 _aMudrārākṣhas ke nāṭakoan mean samāj aur rājanīti ke prashna।
260 _c2017
300 _a239 पृ.
_ap.
_ccm.
700 _aदिल्ली विश्वविद्यालय. कला संकाय. हिंदी विभाग
_9556872
942 _cDIS
_2CC
999 _c888022
_d888022